000 00311nam a22001337a 4500
008 170801b xxu||||| |||| 00| 0 eng d
020 _a9780073368351
041 _aeng
080 _210TH
_a004
100 _a32
101 _aSHK
245 _aCOLLEGE KEYBOARDING & DOCUMENT PROCESSING
_cOBER
942 _2udc
_cBK
999 _c22340
_d22340